Stati meno estesi della NATO - Statistics

Statistiche generali
  • Questo quiz è stato fatto 14 volte
  • Il punteggio medio è 8 su 10
Statistiche sulle risposte
Superficie (km²) Stato % Corretto
45 228 Estonia
90%
2 586 Lussemburgo
90%
30 528 Belgio
80%
44 487 Danimarca
80%
13 812 Montenegro
80%
41 543 Paesi Bassi
80%
49 035 Slovacchia
80%
20 273 Slovenia
80%
28 748 Albania
70%
25 713 Macedonia del Nord
70%
Nessun quiz corrispondente trovato
Distribuzione punteggi
Percentuale di utenti per punteggio
Percentile per numero di risposta
I tuoi punteggi nel tempo
Non hai fatto questo quiz